000 00543nam a22001697a 4500
003 OSt
005 20120302151051.0
008 090916t xxu||||| |||| 00| 0 eng d
035 _a१४३६२
040 _cमराठी
100 _aमंगळवेढेकर, राजा
_98866
245 _aहा शोध भारताचा - २ ( जय भारतवर्ष महान )
250 _a२ री
260 _aपुणे
_bअतुल
_c१९८८
300 _b७९ पाने
942 _2ddc
_cBOOK
999 _c493684
_d493681